Statistics for 5 Most Populous US States Through History

Click here to take the quiz!

General Stats

  • This quiz has been taken 89 times
    (24 since last reset)
  • The average score is 93 of 135

Answer Stats

YearPopulation (Estimated)State% Correct
1790697,000Virginia
95%
1800809,000Virginia
86%
202040,453,000California
82%
203043,430,000California
82%
204045,921,000California
82%
1790353,100New York
82%
1810978,000New York
82%
1810821,000Pennsylvania
82%
1790443,000Pennsylvania
82%
18502,327,000Pennsylvania
82%
18301,382,000Pennsylvania
82%
18401,745,000Pennsylvania
82%
1800608,000Pennsylvania
82%
26,628,000Texas
82%
37,055,000Texas
82%
33,175,000Texas
82%
1810880,670Virginia
82%
1820940,000Virginia
82%
205048,429,000California
77%
27,187,000Florida
77%
21,777,000Florida
77%
1790381,000Massachusetts
77%
1800424,000Massachusetts
77%
18603,926,000New York
77%
1800480,000New York
77%
18503,117,000New York
77%
20,034,000New York
77%
20,662,000New York
77%
18402,453,000New York
77%
18301,962,000New York
77%
18201,381,000New York
77%
18201,054,000Pennsylvania
77%
18602,962,000Pennsylvania
77%
40,971,000Texas
77%
18301,042,000Virginia
77%
200034,067,000California
73%
201037,275,000California
73%
199029,974,000California
73%
24,470,000Florida
73%
13,096,000Florida
73%
18,821,000Florida
73%
16,145,000Florida
73%
28,923,000Florida
73%
1810474,300Massachusetts
73%
192010,511,000New York
73%
18,041,000New York
73%
19,099,000New York
73%
193012,639,000New York
73%
19109,138,000New York
73%
194013,587,000New York
73%
19007,388,000New York
73%
19,382,000New York
73%
18704,403,000New York
73%
195015,021,000New York
73%
18805,147,000New York
73%
20,817,000New York
73%
20,508,000New York
73%
18905,048,000New York
73%
1790398,100North Carolina
73%
1800599,400North Carolina
73%
18905,295,000Pennsylvania
73%
18804,351,000Pennsylvania
73%
19006,300,000Pennsylvania
73%
19107,663,000Pennsylvania
73%
12,848,000Pennsylvania
73%
18703,544,000Pennsylvania
73%
19409,947,000Pennsylvania
73%
19208,722,000Pennsylvania
73%
11,902,000Pennsylvania
73%
19309,649,000Pennsylvania
73%
21,100,000Texas
73%
25,175,000Texas
73%
17,187,000Texas
73%
18501,121,000Virginia
73%
18401,028,000Virginia
73%
195011,089,000California
68%
198024,632,000California
68%
19407,251,000California
68%
197020,183,000California
68%
12,433,000Illinois
68%
12,830,000Illinois
68%
19206,550,000Illinois
68%
19407,062,000Illinois
68%
19307,646,000Illinois
68%
198017,543,000New York
68%
196018,826,000New York
68%
1810560,400North Carolina
68%
1820640,000North Carolina
68%
1830987,000Ohio
68%
1820587,400Ohio
68%
198011,864,000Pennsylvania
68%
195010,575,000Pennsylvania
68%
198014,493,000Texas
68%
196015,851,000California
64%
198011,426,000Illinois
64%
13,241,000Illinois
64%
19103,654,000Illinois
64%
13,362,000Illinois
64%
197018,198,000New York
64%
1830739,000North Carolina
64%
18401,536,000Ohio
64%
197011,797,000Pennsylvania
64%
197011,368,000Texas
64%
197011,131,000Illinois
59%
19508,846,000Illinois
59%
196010,113,000Illinois
59%
18501,989,000Ohio
59%
18803,231,000Ohio
59%
19306,661,000Ohio
59%
19205,810,000Ohio
59%
18602,369,000Ohio
59%
196011,344,000Pennsylvania
59%
19004,874,000Illinois
55%
18903,962,000Illinois
55%
18803,130,000Illinois
55%
18601,787,000Illinois
55%
19004,197,000Ohio
55%
19104,874,000Ohio
55%
18903,682,000Ohio
55%
19406,900,000Ohio
55%
18702,680,000Ohio
55%
14,286,000Georgia
50%
18702,555,000Illinois
50%
18601,380,000Indiana
50%
19508,119,000Ohio
50%
18501,055,000Tennessee
50%
1840835,000Tennessee
50%
18701,734,000Missouri
45%
18803,204,000Missouri
45%
18902,694,000Missouri
45%
19003,118,000Missouri
45%
19609,738,000Ohio
45%
19204,728,000Texas
45%
19305,858,000Texas
45%
19103,910,000Texas
41%

Score Distribution

Percentile by Number Answered

Percent of People with Each Score

Your Score History

You have not taken this quiz since the last reset